000 00808nam a2200205Ii 4500
003 JO-AjNU
008 230605s9999||||xx |||||||||||||| ||und||
040 _aJO-AjNU
_bara
_erda
_cJO-AjNU
041 _aara
050 1 4 _aBP173.758.M83 2009
100 3 _aهارون، محمد صبري,
_eauthor
_930684
245 0 0 _aأحكام الأسواق المالية : السهم والسندات ضوابط الإنتفاع والتصرف بها في الفقه الإسلامي
250 _aط2
264 3 1 _aعمان: دار النفائس للنشر والتوزيع، 2009
300 _a332ص
336 _atext
_btxt
_2rdacontent
337 _aunmediated
_bn
_2rdamedia
338 _avolume
_bnc
_2rdacarrier
650 4 _aالبورصات- الاسهم- السندات- الفقه الاسلامي
_930685
999 _aA12193
_c15761
_d15761